Hands out of pockets (Record no. 80757)
[ view plain ]
| 000 -LEADER | |
|---|---|
| fixed length control field | 01381cab a22002895a 4500 |
| 001 - CONTROL NUMBER | |
| control field | L145274 |
| 008 - FIXED-LENGTH DATA ELEMENTS--GENERAL INFORMATION | |
| fixed length control field | 080923e20080920xxka f g 000 0 eng d |
| 035 ## - SYSTEM CONTROL NUMBER | |
| System control number | (Sirsi) u145274 |
| 041 0# - LANGUAGE CODE | |
| Language code of text/sound track or separate title | eng |
| 100 1# - MAIN ENTRY--PERSONAL NAME | |
| Personal name | Edwards, Simon |
| 245 00 - TITLE STATEMENT | |
| Title | Hands out of pockets |
| 260 ## - PUBLICATION, DISTRIBUTION, ETC. | |
| Date of publication, distribution, etc. | 2008 |
| 490 ## - SERIES STATEMENT | |
| Series statement | Estates Gazette |
| Volume/sequential designation | (0837) 20 September 2008, 140-142(3) |
| 520 ## - SUMMARY, ETC. | |
| Summary, etc. | In this article, the authors state that the misrepresentation found in commercial dilapidations claims is fraud and must be eradicated. Explores the legislative background and the tendency to exaggerate on such claims. The conflicts found where professionals provide expert opinions for a fee are also discussed, as are RICS measures to prevent fraud and the need to move forwards to a new era of fraud prevention. |
| 590 ## - LOCAL NOTE (RLIN) | |
| Local note | KA |
| 650 24 - SUBJECT ADDED ENTRY--TOPICAL TERM | |
| Topical term or geographic name entry element | BRITISH WESTINGHOUSE ELECTRIC & MANUFACTURING CO LTD V UNDERGROUND ELECTRIC RAILWAYS CO OF LONDON LTD (NO 2) |
| 650 24 - SUBJECT ADDED ENTRY--TOPICAL TERM | |
| Topical term or geographic name entry element | DERRY V PEEK |
| 650 24 - SUBJECT ADDED ENTRY--TOPICAL TERM | |
| Topical term or geographic name entry element | ABBEY NATIONAL MORTGAGES PLC AND OTHERS V KEY SURVEYORS NATIONWIDE LTD |
| 650 24 - SUBJECT ADDED ENTRY--TOPICAL TERM | |
| Topical term or geographic name entry element | ARMCHAIR PASSENGER TRANSPORT LTD V HELICAL BAR PLC |
| 650 24 - SUBJECT ADDED ENTRY--TOPICAL TERM | |
| Topical term or geographic name entry element | MULTI-MEDIA PRODUCTIONS LTD V SECRETARY OF STATE FOR THE ENVIRONMENT |
| 650 24 - SUBJECT ADDED ENTRY--TOPICAL TERM | |
| Topical term or geographic name entry element | TOTH V JARMAN |
| 651 #4 - SUBJECT ADDED ENTRY--GEOGRAPHIC NAME | |
| Geographic name | United Kingdom |
| Chronological subdivision | |
| 690 ## - LOCAL SUBJECT ADDED ENTRY--TOPICAL TERM (OCLC, RLIN) | |
| Topical term or geographic name as entry element | PROPERTY-LANDLORD AND TENANT-DILAPIDATIONS |
| 700 1# - ADDED ENTRY--PERSONAL NAME | |
| Personal name | Firn, Keith |
| 700 1# - ADDED ENTRY--PERSONAL NAME | |
| Personal name | Stell, Patrick |
| 942 ## - ADDED ENTRY ELEMENTS (KOHA) | |
| Suppress in OPAC | 0 |
| Withdrawn status | Lost status | Source of classification or shelving scheme | Damaged status | Not for loan | Home library | Current library | Shelving location | Date acquired | Total Checkouts | Full call number | Barcode | Date last seen | Copy number | Price effective from | Koha item type |
|---|---|---|---|---|---|---|---|---|---|---|---|---|---|---|---|
| Dewey Decimal Classification | London | London | Journal article | 23/09/2008 | L145274 | 145274-1001 | 06/08/2019 | 1 | 06/08/2019 | Journal article |